|
|
|
|
| LEADER |
01062naa a2200217 i 4500 |
| 001 |
acta84723 |
| 005 |
20240430080414.0 |
| 008 |
240430s2024 hu o 100 eng d |
| 020 |
|
|
|a 978-963-648-032-5
|
| 040 |
|
|
|a SZTE Egyetemi Kiadványok Repozitórium
|b hun
|
| 041 |
|
|
|a eng
|
| 100 |
1 |
|
|a Prim Billy
|
| 245 |
1 |
0 |
|a Bodybility
|h [elektronikus dokumentum] :
|b [abstract] /
|c Prim Billy
|
| 260 |
|
|
|a Department of Music Education Gyula Juhász Faculty of Education University of Szeged
|b Szeged
|c 2024
|
| 300 |
|
|
|a 37
|
| 490 |
0 |
|
|a International Conference on Music Education in the 21st Century
|v 1
|
| 650 |
|
4 |
|a Bölcsészettudományok
|
| 650 |
|
4 |
|a Művészetek (művészetek, művészettörténet, előadóművészetek, zene)
|
| 695 |
|
|
|a Zenei nevelés - módszer - előadáskivonat, Zeneművészet - előadáskivonat, Zene - előadáskivonat
|
| 711 |
|
|
|a 1st International Conference on Music Education in the 21st Century
|c Szeged
|d 2024. április 15-16.
|
| 856 |
4 |
0 |
|u http://acta.bibl.u-szeged.hu/84723/1/conference_on_music_education_2024_037.pdf
|z Dokumentum-elérés
|